00925nam a2200241 a 450000100060000000300080000600500170001400800410003103500190007204000270009104100080011808200250012624501030015126000300025430000350028450400410031965000520036070000430041271000500045594200120050599900170051795201490053472607BD-RjUL20211209082303.0170521s1963 nyua b 000 0 eng  a(BD-RjUL)72825 aDLCcDLCdBD-RjULbeng aeng00a570.71223bBIO 196310aBiology teachers' handbook /cBiological Sciences Curriculum Study and Supervisor Joseph J. Schwab aNew York :bWiley,cc1963 axvii, 585 p. :bill. ;c24 cm. aIncludes bibliographical references. 0aBiologyxStudy and teaching (Secondary)92147651 aSchwab, Joseph Jackson,d1909-9214766 aBiological Sciences Curriculum Study.9119091 2ddccBK c72607d72607 00102ddc40718NFICaRUCLbRUCLcReadingd1967-09-14eSweets & Zuitlingerg55.00l0o570.71 BIO 1963r2017-05-21 00:00:00tC-1w2017-05-21yBK